000 01010nam a2200277 i 4500
003 EG-GICUC
005 20260424214315.0
008 260424s1980 fr ||||fr|||| 00| 0 fre d
040 _aEG-GiCUC
_bfre
_cEG-GiCUC
_dEG-GiCUC
_eRda
082 0 4 _221
_a343.7
_bMI . R
092 0 4 _221
099 _aLaw1 10 343.7 MI . R1980
110 _aMinistère De La Justice-Direction De L'Administration Pénitentiaire
_eAuteur
245 _aRapport Général Sur L'Exercice 1979.
_n Première Partie:
_pL'Application Des Peines/
_cMinistère De La Justice-Direction De L'Administration Pénitentiaire.
264 1 _aFrance:
_bMinistère De La Justice,
_c1980.
300 _a271 page ;
_c 24 cm.
336 _2rda contenu
_a texte
337 _2rda medias
_aOrdinateur
338 _2 transporteur rda
_a Ressource en ligne
546 _aTexte en français
650 1 _aDroit Pénal
650 1 _aPénologie
856 4 0 _uhttps://fll.law.cu.edu.eg/fulltext/bks/B10-10837.pdf
905 _a59
942 _2ddc
_n0
_cBK
_e21
999 _c73288
_d73288